| 000 -LEADER |
| fixed length control field |
00712nam a22001337a 4500 |
| 040 ## - CATALOGING SOURCE |
| Transcribing agency |
RUA |
| 082 ## - DEWEY DECIMAL CLASSIFICATION NUMBER |
| Classification number |
VEM NOR 2024 B1.330 Or.1 |
| 100 ## - MAIN ENTRY--AUTHOR NAME |
| Personal name |
NORN VICHET, ណន វិចិត្ត |
| 245 ## - TITLE STATEMENT |
| Title |
កម្រិតអង់ទីករជំងឺញ៉ូវកាសលើមាន់ នៅឃុំចោងម៉ោង ស្រុកទឹកផុស ខេត្តកំពង់ឆ្នាំង, Antibody levels of newcastle disease in chickens in chong moang commune, teuk phos district, kampong chhang province, |
| 260 ## - PUBLICATION, DISTRIBUTION, ETC. (IMPRINT) |
| Place of publication |
PHNOM PENH |
| Name of publisher |
RUA |
| Year of publication |
2024 |
| 300 ## - PHYSICAL DESCRIPTION |
| Number of Pages |
xi, |
| Other physical details |
ill, |
| Dimensions |
29cm, |
| 856 ## - ELECTRONIC LOCATION AND ACCESS |
| Uniform Resource Identifier |
https://drive.google.com/file/d/1rmmh-MlMJrMmSNGNIx3ddveXxQtvV99B/view?usp=sharing |
| 942 ## - ADDED ENTRY ELEMENTS (KOHA) |
| Koha item type |
VEM |
| 952 ## - LOCATION AND ITEM INFORMATION (KOHA) |
| Withdrawn status [LOCAL, KOHA] |
0 |
| 952 ## - LOCATION AND ITEM INFORMATION (KOHA) |
| Withdrawn status [LOCAL, KOHA] |
0 |